U.S. Cities with the Most Rainy Days - Statistics

General Stats
  • This quiz has been taken 162 times
  • The average score is 13 of 20
Answer Stats
Days Answer % Correct
149 Seattle
96%
126 Boston
88%
164 Portland
88%
124 Chicago
86%
135 Miami
85%
135 Detroit
76%
155 Cleveland
70%
151 Pittsburgh
66%
129 Indianapolis
65%
118 Philadelphia
65%
127 Milwaukee
63%
139 Columbus
62%
137 Cincinnati
60%
167 Buffalo
58%
119 Nashville
50%
125 Providence
42%
123 Louisville
41%
167 Rochester
38%
130 Hartford
35%
122 New York City
33%
No matching quizzes found
Score Distribution
Percent of People with Each Score
Percentile by Number Answered
Your Score History
You have not taken this quiz